Entry Nombre geográfico
001 - NÚMERO DE CONTROL
- campo de control: 7839
003 - IDENTIFICADOR DEL NÚMERO DE CONTROL
- campo de control: BNPHU
005 - FECHA Y HORA DE LA ÚLTIMA TRANSACCIÓN
- campo de control: 20260323115438.0
008 - DATOS DE LONGITUD FIJA
- campo de control de longitud fija: 200615|| aca||aabn | a|a d
010 ## - NÚMERO DE CONTROL DE LA BIBLIOTECA DEL CONGRESO
- Número de control de LC: sh 85045631
040 ## - FUENTE DE LA CATALOGACIÓN
- Centro catalogador/agencia de origen: DO-SdBNP
- Lengua de catalogación: spa
- Centro/agencia transcriptor: BNPHU
- Normas de descripción: rda
151 ## - ENCABEZAMIENTO--NOMBRE GEOGRÁFICO
- Nombre geográfico: Europa
451 ## - TRAZADO DE VÉASE--NOMBRE GEOGRÁFICO
- Nombre geográfico: Europe
551 ## - TRAZADO DE VÉASE ADEMÁS--NOMBRE GEOGRÁFICO
- Nombre geográfico: Hemisferio oriental
- Subcampo de control: g
551 ## - TRAZADO DE VÉASE ADEMÁS--NOMBRE GEOGRÁFICO
- Nombre geográfico: Europe
- Subcampo de control: g
551 ## - TRAZADO DE VÉASE ADEMÁS--NOMBRE GEOGRÁFICO
- Nombre geográfico: Eurasia
551 ## - TRAZADO DE VÉASE ADEMÁS--NOMBRE GEOGRÁFICO
- Subcampo de control: h
551 ## - TRAZADO DE VÉASE ADEMÁS--NOMBRE GEOGRÁFICO
- Nombre geográfico: Asociacion Europea de Libre Comercio
- Subcampo de control: h
551 ## - TRAZADO DE VÉASE ADEMÁS--NOMBRE GEOGRÁFICO
- Nombre geográfico: Países de la Unión Europea
- Subcampo de control: h
670 ## - FUENTE DE DATOS ENCONTRADOS
- Cita de la fuente: Work cat.: (OSt)2326: La memoria de los libros :, 2004.
670 ## - FUENTE DE DATOS ENCONTRADOS
- Identificador Uniforme del Recurso: https://librunam.dgb.unam.mx:8443/F/X8Y75V3F92VJ3DP6HJI5FKAH3FYDRYLV5MH2V6QF9GB9AHDQ2T-38429?func=full-set-set&set_number=005252&set_entry=000001&format=001 Consultado en 23 de Marzo, 2026
751 0# - ENTRADA DE ENLACE DE ENCABEZAMIENTO ESTABLECIDO--NOMBRE GEOGRÁFICO
- Número de control del registro de autoridad o número normalizado: sh 85045631
- Nombre geográfico: Europe
